Textbook of applied Microbiology and infection control (Record no. 3912)

MARC details
000 -LEADER
fixed length control field 00447nam a22001457a 4500
008 - FIXED-LENGTH DATA ELEMENTS--GENERAL INFORMATION
fixed length control field 250620b |||||||| |||| 00| 0 eng d
020 ## - INTERNATIONAL STANDARD BOOK NUMBER
ISBN 978978589768
100 ## - MAIN ENTRY--AUTHOR
Author Adegboro Boaz
245 ## - TITLE STATEMENT
Title Textbook of applied Microbiology and infection control
Remainder of title including safety
260 ## - PUBLICATION, DISTRIBUTION, ETC. (IMPRINT)
Place of publication New Delhi
Name of publisher Jaypee brothers medical publishers ltd
Date of publication 2024
300 ## - COLLATION
Pagination xvi, 530p.
Other physical details ill.
650 ## - TRACINGS
Main Subject Bacteriology
Subdivision (1st) pathology
942 ## - ADDED ENTRY ELEMENTS (KOHA)
Item type Books
050 ## - LIBRARY OF CONGRESS CALL NUMBER
Classification number QR46
Item number .C54

No items available.